Lập trình Windows form và web form với C# /

Bewaard in:
Bibliografische gegevens
Hoofdauteur: Nguyễn Tất Bảo Thiện.
Andere auteurs: Phạm Quang Hiển.
Formaat: Sách giấy
Taal:Vietnamese
Gepubliceerd in: H. : Thanh niên, 2020.
Onderwerpen:
Tags: Voeg label toe
Geen labels, Wees de eerste die dit record labelt!
Thư viện lưu trữ: Thư viện Trường Đại học Đà Lạt
LEADER 00862nam a2200313 4500
001 DLU210196235
005 ##20210429
020 # # |a 9786049869471 
040 # # |a DLU  |b vie 
041 # # |a vie 
044 # # |a vn 
082 # # |a 005.133  |b NG-T 
100 # # |a Nguyễn Tất Bảo Thiện. 
245 # # |a Lập trình Windows form và web form với C# /  |c Nguyễn Tất Bảo Thiện, Phạm Quang Hiển. 
260 # # |a H. :  |b Thanh niên,  |c 2020. 
300 # # |a 432 tr. :  |b minh họa;  |c 24 cm. 
650 # # |a C# (Ngôn ngữ chương trình máy tính). 
700 # # |a Phạm Quang Hiển. 
923 # # |a 03/2020 
991 # # |a SH 
992 # # |a 150000 
994 # # |a DLU 
900 # # |a True 
911 # # |a Nguyễn Thanh Hương 
925 # # |a G 
926 # # |a A 
927 # # |a SH 
980 # # |a Thư viện Trường Đại học Đà Lạt